000
00244nam a2200097Ia 4500
008
120527s9999 xx 000 0 und d
100
_a
DUFFY, E.JAMES
245
_a
I-Car Professional Automotive collision repair
260
_b
Delmar
942
_c
BK
999
_c
25210
_d
25210